| 000 | 01077nam a2200265Ia 4500 | ||
|---|---|---|---|
| 008 | 130821s1879 sp gr spa | ||
| 040 |
_aCo-BoUCM _bspa |
||
| 041 | 0 | _aspa | |
| 092 | _aE24N008 | ||
| 100 | 1 |
_aMacaulay, Thomas Babington Macaulay _cBaron _d1800-1859 |
|
| 245 | 1 | 0 |
_aEstudios históricos _cpor Lord Macaulay ; traducidos directamente del inglés por M. Juderias Bender. |
| 260 |
_aMadrid (España) _bImprenta Central á cargo de Victor Saiz _c1879 |
||
| 300 | _a438, [1] páginas | ||
| 490 |
_aBiblioteca clásica _v16 |
||
| 500 | _aDetalles físicos: | ||
| 504 | _aIncluye índice. | ||
| 505 | 0 | _aAl que leyere. ; La guerra de sucesión en tiempo de Felipe V. ; Apéndices. ; Lord Clive 1725-1774. ; Warren Hastings 1732-1818. ; Federico el Grande. | |
| 506 | _aConsulta en sala. | ||
| 650 | 0 | 4 |
_aEnsayos _xHistoria _zEuropa _914547 |
| 650 | 0 | 4 |
_aHistoria de Europa _926509 |
| 650 | 0 | 4 |
_aHistoria _vEnsayos, conferencias, etc. _97695 |
| 700 | 1 |
_aJuderias Berner, M. _etr. |
|
| 942 |
_cLIBRO _a21 _e1 _2DEWEY _h940.4 |
||
| 999 |
_c41262 _d41262 |
||